000 00615nam a22001817a 4500
003 OSt
005 20201120095742.0
008 201120b 2013 dr 00| 0 eng d
040 _aDO-SdBNP
_bspa
_cBNPHU
100 1 _aVásquez, José
_951928
245 1 0 _aHurtos públicos cosentidos (salarios y pensiones)
_cJosé Vásquez.
260 _aLa Vega, República Dominicana :
_bImpresora Universal,
_c2013.
300 _a102 p. ;
_c23 cm.
500 _aIncluye datos biográficos del autor en la solapa de la contracubierta.
504 _aBibliografía : p. 99-102
590 _aInventariado, 2020 /LP
942 _2ddc
_cLBS1
999 _c49172
_d49172